[Event "DVM U16w 2023"]
[Site "Magdeburg GER"]
[Date "2023.12.28"]
[Round "3"]
[White "Senthilkumar, Vasanthi"]
[Black "Popovidou, Laura"]
[Result "0-1"]
[Termination "normal"]
[Board "9.3"]
[WhiteElo "792"]
[BlackElo "1021"]
[WhiteClock "01:18:53"]
[BlackClock "00:39:53"]
[WhiteTeam "SK Freiburg-Zähringen 1887"]
[BlackTeam "SG Porz 2"]
[PlyCount "82"]
[WhiteFideId "34682511"]
[BlackFideId "16255836"]
[EventCountry "GER"]
[EventRounds "7"]
[EventType "team-swiss"]
[EventDate "2023.12.26"]

1. e4 {[%clk 01:30:59]} {[%emt 14:06:44]} e6 {[%clk 01:30:56]} {[%emt
00:00:06]} 2. Nf3 {[%clk 01:31:14]} {[%emt 00:00:12]} d5 {[%clk 01:31:21]}
{[%emt 00:00:06]} 3. Nc3 {[%clk 01:31:17]} {[%emt 00:00:27]} c5 {[%clk
01:31:26]} {[%emt 00:00:25]} 4. d3 {[%clk 01:31:21]} {[%emt 00:00:24]} Nf6
{[%clk 01:30:41]} {[%emt 00:01:16]} 5. Bg5 {[%clk 01:31:32]} {[%emt 00:00:18]}
Be7 {[%clk 01:30:52]} {[%emt 00:00:20]} 6. Qd2 {[%clk 01:31:07]} {[%emt
00:00:55]} Bd7 {[%clk 01:29:07]} {[%emt 00:02:16]} 7. O-O-O {[%clk 01:31:10]}
{[%emt 00:00:27]} Qb6 {[%clk 01:27:39]} {[%emt 00:01:57]} 8. Re1 {[%clk
01:30:20]} {[%emt 00:01:18]} h6 {[%clk 01:21:53]} {[%emt 00:06:18]} 9. Bxf6
{[%emt 00:00:33]} Bxf6 {[%clk 01:22:15]} {[%emt 00:00:07]} 10. Be2 {[%clk
01:29:16]} {[%emt 00:01:28]} g5 {[%clk 01:16:18]} {[%emt 00:06:32]} 11. h3
{[%clk 01:27:37]} {[%emt 00:02:06]} Bc6 {[%clk 01:13:49]} {[%emt 00:03:01]} 12.
Kb1 {[%clk 01:27:07]} {[%emt 00:00:42]} Nd7 {[%emt 00:01:08]} 13. Rhg1 {[%clk
01:26:46]} a5 {[%clk 01:13:29]} {[%emt 00:01:22]} 14. g4 {[%clk 01:26:06]}
{[%emt 00:01:07]} a4 {[%clk 01:13:29]} {[%emt 00:00:32]} 15. Qc1 {[%clk
01:25:44]} {[%emt 00:00:53]} Bxc3 {[%clk 01:12:17]} {[%emt 00:01:43]} 16. Rd1
{[%clk 01:25:41]} {[%emt 00:00:25]} dxe4 {[%clk 01:07:41]} {[%emt 00:05:13]}
17. dxe4 {[%clk 01:25:13]} {[%emt 00:00:58]} Bxe4 {[%clk 01:07:58]} {[%emt
00:00:13]} 18. Rg3 {[%clk 01:24:15]} {[%emt 00:01:25]} Bd5 {[%clk 01:06:21]}
{[%emt 00:02:10]} 19. Rd3 {[%clk 01:24:15]} {[%emt 00:00:28]} Bb4 {[%clk
01:05:07]} {[%emt 00:01:46]} 20. a3 {[%clk 01:23:11]} {[%emt 00:00:59]} c4
{[%clk 01:05:36]} 21. Re3 {[%clk 01:23:18]} {[%emt 00:00:56]} Bc5 {[%clk
01:02:16]} {[%emt 00:03:53]} 22. Rc3 {[%clk 01:22:45]} {[%emt 00:00:57]} Qa6
{[%clk 00:50:16]} {[%emt 00:12:32]} 23. Nd2 {[%clk 01:22:24]} {[%emt 00:00:52]}
b5 {[%clk 00:49:43]} {[%emt 00:01:04]} 24. Bf3 {[%clk 01:22:16]} {[%emt
00:00:36]} Nf6 {[%clk 00:47:50]} {[%emt 00:02:26]} 25. Bxd5 {[%clk 01:21:38]}
{[%emt 00:01:08]} Nxd5 {[%clk 00:46:53]} {[%emt 00:01:27]} 26. Qe1 {[%clk
01:21:25]} {[%emt 00:00:39]} Nxc3+ {[%clk 00:46:48]} {[%emt 00:00:39]} 27. bxc3
{[%clk 01:21:14]} {[%emt 00:00:40]} Bxa3 {[%clk 00:45:30]} {[%emt 00:01:49]}
28. Qe4 {[%clk 01:21:20]} {[%emt 00:00:23]} O-O {[%clk 00:45:06]} {[%emt
00:00:54]} 29. Rd3 {[%clk 01:21:25]} {[%emt 00:00:21]} cxd3 {[%clk 00:44:46]}
{[%emt 00:00:54]} 30. cxd3 {[%clk 01:20:16]} {[%emt 00:01:39]} Rfc8 {[%clk
00:42:34]} {[%emt 00:02:39]} 31. Nf3 {[%clk 01:19:52]} {[%emt 00:00:58]} Rxc3
{[%clk 00:41:57]} {[%emt 00:01:07]} 32. h4 {[%clk 01:19:18]} {[%emt 00:01:01]}
Rc1+ {[%clk 00:41:05]} {[%emt 00:01:25]} 33. Ka2 {[%clk 01:19:28]} {[%emt
00:00:19]} b4 {[%clk 00:39:24]} {[%emt 00:02:10]} 34. Nd2 {[%clk 01:19:32]}
{[%emt 00:00:27]} Rc2+ {[%clk 00:39:35]} {[%emt 00:00:19]} 35. Kb1 {[%clk
01:19:27]} {[%emt 00:00:34]} Rb2+ {[%clk 00:38:49]} {[%emt 00:01:16]} 36. Ka1
{[%clk 01:19:38]} {[%emt 00:00:18]} Rxd2 {[%clk 00:39:09]} {[%emt 00:00:13]}
37. Kb1 {[%clk 01:18:50]} {[%emt 00:00:49]} Qxd3+ {[%clk 00:38:28]} {[%emt
00:01:41]} 38. Qxd3 {[%clk 01:18:44]} {[%emt 00:00:35]} Rxd3 {[%clk 00:38:55]}
{[%emt 00:00:04]} 39. Ka1 {[%clk 01:18:37]} {[%emt 00:00:35]} Rd2 {[%clk
00:39:06]} {[%emt 00:00:21]} 40. Kb1 {[%clk 01:18:42]} {[%emt 00:00:24]} Rc8
{[%clk 00:39:26]} {[%emt 00:00:10]} 41. Ka1 {[%clk 01:18:53]} {[%emt 00:00:09]}
Rc1# {[%clk 00:39:53]} {[%emt 00:00:14]} 0-1

[Event "DVM U16w 2023"]
[Site "Magdeburg GER"]
[Date "2023.12.28"]
[Round "3"]
[White "Dhanasekaran Meenambigai, Diya"]
[Black "Kern, Jennifer"]
[Result "1-0"]
[Termination "normal"]
[Board "10.1"]
[WhiteElo "1369"]
[BlackElo "1363"]
[WhiteClock "00:27:51"]
[BlackClock "00:02:56"]
[WhiteTeam "SG Solingen"]
[BlackTeam "SC Bad Dürkheim-Wachenheim"]
[PlyCount "57"]
[WhiteFideId "34611924"]
[BlackFideId "16251350"]
[EventCountry "GER"]
[EventRounds "7"]
[EventType "team-swiss"]
[EventDate "2023.12.26"]

1. d4 {[%clk 01:30:54]} {[%emt 00:00:05]} d5 {[%clk 01:30:50]} {[%emt
00:00:11]} 2. Nc3 {[%clk 01:31:10]} {[%emt 00:00:14]} Nf6 {[%clk 01:30:50]}
{[%emt 00:00:30]} 3. Bf4 {[%clk 01:31:15]} {[%emt 00:00:24]} Bf5 {[%clk
01:30:42]} {[%emt 00:00:39]} 4. Nb5 {[%clk 01:28:23]} {[%emt 00:03:22]} Na6
{[%clk 01:28:12]} {[%emt 00:03:01]} 5. e3 {[%clk 01:26:37]} {[%emt 00:02:15]}
c6 {[%clk 01:26:24]} {[%emt 00:02:18]} 6. Nc3 {[%clk 01:25:05]} {[%emt
00:02:02]} e6 {[%clk 01:25:46]} {[%emt 00:01:08]} 7. Bd3 {[%clk 01:21:00]}
{[%emt 00:04:33]} Bxd3 {[%clk 01:18:19]} {[%emt 00:07:59]} 8. cxd3 {[%clk
01:21:08]} {[%emt 00:00:22]} Qb6 {[%clk 01:18:08]} {[%emt 00:00:42]} 9. Rb1
{[%clk 01:18:11]} {[%emt 00:03:27]} Be7 {[%clk 01:15:55]} {[%emt 00:02:43]} 10.
Nf3 {[%clk 01:17:38]} {[%emt 00:01:02]} O-O {[%clk 01:13:39]} {[%emt 00:02:47]}
11. Ne5 {[%clk 01:14:29]} {[%emt 00:03:37]} Rac8 {[%clk 01:12:28]} {[%emt
00:01:42]} 12. g4 {[%clk 01:12:59]} {[%emt 00:01:59]} Nb8 {[%clk 01:06:40]}
{[%emt 00:06:19]} 13. h4 {[%clk 01:09:06]} {[%emt 00:04:23]} Qd8 {[%clk
00:57:59]} {[%emt 00:09:11]} 14. g5 {[%clk 01:03:58]} {[%emt 00:05:37]} Nfd7
{[%clk 00:57:40]} {[%emt 00:00:51]} 15. Qg4 {[%clk 00:58:56]} {[%emt 00:05:29]}
c5 {[%clk 00:38:15]} {[%emt 00:19:58]} 16. h5 {[%clk 00:47:19]} {[%emt
00:12:06]} Nxe5 {[%clk 00:35:43]} {[%emt 00:03:02]} 17. dxe5 {[%clk 00:47:09]}
{[%emt 00:00:40]} d4 {[%clk 00:31:45]} {[%emt 00:04:28]} 18. Ne4 {[%clk
00:36:46]} {[%emt 00:10:52]} Qd5 {[%clk 00:20:10]} {[%emt 00:12:05]} 19. Nf6+
{[%clk 00:31:36]} {[%emt 00:05:42]} Bxf6 {[%clk 00:17:38]} {[%emt 00:03:02]}
20. gxf6 {[%clk 00:31:49]} {[%emt 00:00:16]} g6 {[%clk 00:15:39]} {[%emt
00:02:31]} 21. Qh4 {[%clk 00:29:08]} {[%emt 00:03:10]} dxe3 {[%clk 00:07:54]}
{[%emt 00:08:16]} 22. hxg6 {[%clk 00:26:58]} {[%emt 00:02:40]} exf2+ {[%clk
00:07:56]} {[%emt 00:00:28]} 23. Ke2 {[%clk 00:26:47]} {[%emt 00:00:40]} f1=Q+
{[%emt 00:01:39]} 24. Rbxf1 {[%clk 00:26:48]} {[%emt 00:00:27]} Qg2+ {[%clk
00:07:03]} {[%emt 00:00:17]} 25. Ke1 {[%clk 00:26:34]} {[%emt 00:00:42]} Qxg6
{[%clk 00:02:22]} {[%emt 00:05:12]} 26. Rfg1 {[%clk 00:26:57]} {[%emt
00:00:08]} Qxg1+ {[%clk 00:02:46]} {[%emt 00:00:07]} 27. Rxg1+ {[%clk
00:27:16]} {[%emt 00:00:09]} Kh8 {[%clk 00:03:04]} {[%emt 00:00:12]} 28. Qh6
{[%clk 00:27:29]} {[%emt 00:00:17]} Rg8 {[%clk 00:02:56]} {[%emt 00:00:39]} 29.
Rh1 {[%clk 00:27:51]} {[%emt 00:00:08]} 1-0

[Event "DVM U16w 2023"]
[Site "Magdeburg GER"]
[Date "2023.12.28"]
[Round "3"]
[White "Melnyk, Viktoria"]
[Black "Malagatte, Samiksha"]
[Result "1/2-1/2"]
[Termination "normal"]
[Board "10.2"]
[WhiteElo "989"]
[BlackElo "1321"]
[WhiteClock "00:16:28"]
[BlackClock "00:08:40"]
[WhiteTeam "SC Bad Dürkheim-Wachenheim"]
[BlackTeam "SG Solingen"]
[PlyCount "60"]
[WhiteFideId "34674381"]
[BlackFideId "34633790"]
[EventCountry "GER"]
[EventRounds "7"]
[EventType "team-swiss"]
[EventDate "2023.12.26"]

1. e4 {[%clk 01:30:58]} {[%emt 00:00:02]} e5 {[%clk 01:30:55]} {[%emt
00:00:05]} 2. Nf3 {[%clk 01:31:19]} {[%emt 00:00:08]} Nc6 {[%clk 01:31:18]}
{[%emt 00:00:08]} 3. d4 {[%clk 01:31:37]} {[%emt 00:00:12]} exd4 {[%clk
01:31:39]} {[%emt 00:00:08]} 4. Nxd4 {[%clk 01:31:51]} {[%emt 00:00:17]} Nf6
{[%clk 01:31:58]} {[%emt 00:00:12]} 5. Nxc6 {[%clk 01:32:06]} {[%emt 00:00:15]}
bxc6 {[%clk 01:32:19]} {[%emt 00:00:09]} 6. Nc3 {[%clk 01:32:26]} {[%emt
00:00:10]} Bc5 {[%clk 01:30:23]} {[%emt 00:02:25]} 7. Bf4 {[%clk 01:31:03]}
{[%emt 00:01:53]} O-O {[%clk 01:24:08]} {[%emt 00:06:47]} 8. Bd3 {[%clk
01:29:37]} {[%emt 00:01:55]} d5 {[%clk 01:10:45]} {[%emt 00:13:53]} 9. e5
{[%clk 01:23:59]} {[%emt 00:06:08]} Nd7 {[%clk 01:09:10]} {[%emt 00:02:05]} 10.
O-O {[%clk 01:16:45]} {[%emt 00:07:44]} Re8 {[%clk 01:06:46]} {[%emt 00:02:53]}
11. Re1 {[%clk 01:13:30]} {[%emt 00:03:45]} Bd4 {[%clk 00:59:17]} {[%emt
00:08:00]} 12. Bxh7+ {[%clk 01:11:23]} {[%emt 00:02:37]} Kxh7 {[%clk 00:54:58]}
{[%emt 00:04:50]} 13. Qxd4 {[%clk 01:11:31]} {[%emt 00:00:21]} Kg8 {[%clk
00:49:28]} {[%emt 00:06:00]} 14. Rad1 {[%clk 01:05:33]} {[%emt 00:06:27]} Nb6
{[%clk 00:46:32]} {[%emt 00:03:27]} 15. b3 {[%clk 00:50:56]} {[%emt 00:15:07]}
Bf5 {[%clk 00:34:33]} {[%emt 00:12:31]} 16. Rd2 {[%clk 00:44:46]} {[%emt
00:06:37]} Qh4 {[%clk 00:26:28]} {[%emt 00:08:34]} 17. Qe3 {[%clk 00:37:29]}
{[%emt 00:07:37]} Nd7 {[%clk 00:22:56]} {[%emt 00:04:14]} 18. Bg3 {[%clk
00:35:27]} {[%emt 00:02:31]} Qg4 {[%clk 00:19:30]} {[%emt 00:03:56]} 19. h3
{[%clk 00:32:41]} {[%emt 00:03:16]} Qg6 {[%clk 00:19:40]} {[%emt 00:00:17]} 20.
Ree2 {[%clk 00:29:01]} {[%emt 00:04:14]} Nf6 {[%clk 00:19:17]} {[%emt
00:00:53]} 21. Bh2 {[%clk 00:25:30]} {[%emt 00:04:00]} Kh7 {[%clk 00:14:04]}
{[%emt 00:05:44]} 22. Qg3 {[%clk 00:24:30]} {[%emt 00:01:26]} Qxg3 {[%clk
00:14:06]} {[%emt 00:00:32]} 23. Bxg3 {[%clk 00:24:34]} {[%emt 00:00:26]} Ne4
{[%clk 00:13:43]} {[%emt 00:00:52]} 24. Nxe4 {[%clk 00:24:10]} {[%emt
00:00:55]} Bxe4 {[%clk 00:13:28]} {[%emt 00:00:45]} 25. c4 {[%clk 00:21:51]}
{[%emt 00:02:49]} Rad8 {[%clk 00:12:31]} {[%emt 00:01:26]} 26. Rd4 {[%emt
00:01:40]} Bf5 {[%clk 00:08:33]} {[%emt 00:04:25]} 27. cxd5 {[%clk 00:17:51]}
{[%emt 00:03:24]} Rxd5 {[%clk 00:07:58]} {[%emt 00:01:05]} 28. Rxd5 {[%clk
00:18:04]} {[%emt 00:00:16]} cxd5 {[%clk 00:08:13]} {[%emt 00:00:16]} 29. Rd2
{[%clk 00:16:30]} {[%emt 00:02:04]} Rd8 {[%clk 00:08:29]} {[%emt 00:00:12]} 30.
Rd4 {[%clk 00:16:28]} {[%emt 00:00:32]} c5 {[%clk 00:08:40]} {[%emt 00:00:21]}
1/2-1/2

[Event "DVM U16w 2023"]
[Site "Magdeburg GER"]
[Date "2023.12.28"]
[Round "3"]
[White "Fetahovic, Maida"]
[Black "Dzutseva, Alana"]
[Result "1-0"]
[Termination "normal"]
[Board "10.3"]
[WhiteElo "1038"]
[BlackElo "897"]
[WhiteClock "00:38:43"]
[BlackClock "00:19:48"]
[WhiteTeam "SG Solingen"]
[BlackTeam "SC Bad Dürkheim-Wachenheim"]
[PlyCount "109"]
[WhiteFideId "34611932"]
[BlackFideId "34674365"]
[EventCountry "GER"]
[EventRounds "7"]
[EventType "team-swiss"]
[EventDate "2023.12.26"]

1. e4 {[%clk 01:30:58]} {[%emt 00:00:02]} e6 {[%clk 01:30:54]} {[%emt
00:00:06]} 2. d4 {[%clk 01:31:22]} {[%emt 00:00:04]} d5 {[%clk 01:31:17]}
{[%emt 00:00:08]} 3. exd5 {[%clk 01:31:43]} {[%emt 00:00:09]} exd5 {[%clk
01:31:40]} {[%emt 00:00:07]} 4. Nf3 {[%clk 01:32:04]} {[%emt 00:00:10]} Nc6
{[%clk 01:32:03]} {[%emt 00:00:06]} 5. Bb5 {[%clk 01:32:24]} {[%emt 00:00:10]}
Bd7 {[%clk 01:29:53]} {[%emt 00:02:40]} 6. c3 {[%clk 01:32:32]} {[%emt
00:00:21]} Bd6 {[%clk 01:29:58]} {[%emt 00:00:23]} 7. O-O {[%clk 01:32:43]}
{[%emt 00:00:19]} Nf6 {[%clk 01:29:16]} {[%emt 00:01:14]} 8. Re1+ {[%clk
01:30:53]} {[%emt 00:02:20]} Be6 {[%clk 01:26:25]} {[%emt 00:03:21]} 9. Nbd2
{[%clk 01:25:32]} {[%emt 00:05:50]} O-O {[%clk 01:24:42]} {[%emt 00:02:14]} 10.
Nf1 {[%clk 01:24:51]} {[%emt 00:01:11]} a6 {[%clk 01:24:01]} {[%emt 00:01:11]}
11. Bd3 {[%clk 01:25:01]} {[%emt 00:00:21]} Qd7 {[%clk 01:22:02]} {[%emt
00:02:29]} 12. Ne5 {[%clk 01:23:20]} {[%emt 00:02:11]} Qe8 {[%clk 01:20:23]}
{[%emt 00:02:02]} 13. Ng3 {[%clk 01:22:40]} {[%emt 00:01:15]} Ng4 {[%clk
01:18:27]} {[%emt 00:02:28]} 14. Nxg4 {[%clk 01:21:16]} {[%emt 00:01:54]} Bxg4
{[%clk 01:14:48]} {[%emt 00:04:09]} 15. Bxh7+ {[%clk 01:15:03]} {[%emt
00:06:42]} Kh8 {[%clk 01:08:57]} {[%emt 00:06:21]} 16. f3 {[%clk 01:10:53]}
{[%emt 00:04:41]} Ne7 {[%clk 01:02:19]} {[%emt 00:07:07]} 17. fxg4 {[%clk
01:07:09]} {[%emt 00:04:14]} Bxg3 {[%clk 00:59:35]} {[%emt 00:03:14]} 18. hxg3
{[%clk 01:02:08]} {[%emt 00:05:32]} Kxh7 {[%clk 00:59:04]} {[%emt 00:01:00]}
19. Qd3+ {[%clk 01:00:07]} {[%emt 00:02:31]} Kg8 {[%clk 00:56:40]} {[%emt
00:02:53]} 20. Kf2 {[%clk 00:57:47]} {[%emt 00:02:51]} Qd7 {[%clk 00:55:49]}
{[%emt 00:01:20]} 21. Rh1 {[%clk 00:57:33]} {[%emt 00:00:46]} Ng6 {[%clk
00:53:40]} {[%emt 00:02:38]} 22. Qf5 {[%clk 00:57:09]} {[%emt 00:00:54]} Qxf5+
{[%clk 00:51:35]} {[%emt 00:02:36]} 23. gxf5 {[%clk 00:57:30]} {[%emt
00:00:09]} Ne7 {[%clk 00:51:38]} {[%emt 00:00:25]} 24. g4 {[%clk 00:57:28]}
{[%emt 00:00:34]} f6 {[%clk 00:48:40]} {[%emt 00:03:27]} 25. Bf4 {[%clk
00:57:12]} {[%emt 00:00:46]} c6 {[%clk 00:48:14]} {[%emt 00:00:57]} 26. Rh3
{[%clk 00:57:13]} {[%emt 00:00:29]} g5 {[%clk 00:47:06]} {[%emt 00:01:37]} 27.
fxg6 {[%clk 00:54:11]} {[%emt 00:03:33]} Nxg6 {[%clk 00:46:02]} {[%emt
00:01:36]} 28. Be3 {[%clk 00:53:44]} {[%emt 00:00:55]} b6 {[%clk 00:42:02]}
{[%emt 00:04:31]} 29. Re1 {[%clk 00:51:33]} {[%emt 00:02:42]} f5 {[%clk
00:36:03]} {[%emt 00:06:29]} 30. gxf5 {[%clk 00:49:37]} {[%emt 00:02:25]} Rxf5+
{[%clk 00:35:42]} {[%emt 00:00:50]} 31. Rf3 {[%clk 00:49:46]} {[%emt 00:00:22]}
Rh5 {[%clk 00:33:37]} {[%emt 00:02:34]} 32. Kg1 {[%clk 00:47:55]} {[%emt
00:02:23]} Nh4 {[%clk 00:31:24]} {[%emt 00:02:41]} 33. Rh3 {[%clk 00:41:43]}
{[%emt 00:06:43]} Rf8 {[%clk 00:25:46]} {[%emt 00:06:06]} 34. Bf2 {[%clk
00:39:11]} {[%emt 00:03:04]} Rf4 {[%clk 00:22:19]} {[%emt 00:03:56]} 35. Bxh4
{[%clk 00:36:41]} {[%emt 00:03:01]} Rhxh4 {[%clk 00:21:47]} {[%emt 00:01:01]}
36. Rxh4 {[%clk 00:36:07]} {[%emt 00:01:04]} Rxh4 {[%clk 00:22:04]} {[%emt
00:00:14]} 37. Re8+ {[%clk 00:36:25]} {[%emt 00:00:11]} Kf7 {[%clk 00:22:15]}
{[%emt 00:00:19]} 38. Rb8 {[%clk 00:36:46]} {[%emt 00:00:09]} c5 {[%clk
00:20:22]} {[%emt 00:02:24]} 39. Rb7+ {[%clk 00:36:56]} {[%emt 00:00:21]} Ke6
{[%clk 00:20:17]} {[%emt 00:00:34]} 40. Rxb6+ {[%clk 00:37:13]} {[%emt
00:00:13]} Kd7 {[%clk 00:20:29]} {[%emt 00:00:17]} 41. dxc5 {[%clk 00:36:35]}
{[%emt 00:01:09]} Rc4 {[%clk 00:20:29]} {[%emt 00:00:29]} 42. Rd6+ {[%clk
00:35:56]} {[%emt 00:01:10]} Kc7 {[%clk 00:20:19]} {[%emt 00:00:39]} 43. Rxd5
{[%clk 00:36:18]} {[%emt 00:00:08]} Kc6 {[%clk 00:19:47]} {[%emt 00:01:03]} 44.
Rd6+ {[%clk 00:36:03]} {[%emt 00:00:45]} Kxc5 {[%clk 00:18:47]} {[%emt
00:01:30]} 45. Rxa6 {[%clk 00:36:27]} {[%emt 00:00:06]} Kb5 {[%clk 00:18:51]}
{[%emt 00:00:26]} 46. Ra3 {[%clk 00:36:05]} {[%emt 00:00:52]} Re4 {[%clk
00:18:10]} {[%emt 00:01:11]} 47. Rb3+ {[%emt 00:00:40]} Ka4 {[%clk 00:17:38]}
{[%emt 00:00:27]} 48. Rb4+ {[%clk 00:36:40]} {[%emt 00:00:18]} Rxb4 {[%clk
00:17:58]} {[%emt 00:00:10]} 49. cxb4 {[%clk 00:37:06]} {[%emt 00:00:04]} Kxb4
{[%clk 00:18:15]} {[%emt 00:00:14]} 50. g4 {[%clk 00:37:20]} {[%emt 00:00:17]}
Kc5 {[%clk 00:18:07]} {[%emt 00:00:37]} 51. a4 {[%clk 00:37:21]} {[%emt
00:00:29]} Kb4 {[%clk 00:18:32]} {[%emt 00:00:05]} 52. g5 {[%clk 00:37:41]}
{[%emt 00:00:09]} Kxa4 {[%clk 00:18:55]} {[%emt 00:00:08]} 53. g6 {[%clk
00:38:02]} {[%emt 00:00:09]} Kb3 {[%clk 00:19:22]} {[%emt 00:00:04]} 54. g7
{[%clk 00:38:22]} {[%emt 00:00:11]} Kxb2 {[%clk 00:19:48]} {[%emt 00:00:03]}
55. g8=Q {[%clk 00:38:43]} {[%emt 00:00:10]} 1-0

[Event "DVM U16w 2023"]
[Site "Magdeburg GER"]
[Date "2023.12.28"]
[Round "3"]
[White "Dzutseva, Dana"]
[Black "Kovalyova, Alina"]
[Result "1-0"]
[Termination "normal"]
[Board "10.4"]
[WhiteElo "797"]
[BlackElo "1146"]
[WhiteClock "00:56:03"]
[BlackClock "00:58:01"]
[WhiteTeam "SC Bad Dürkheim-Wachenheim"]
[BlackTeam "SG Solingen"]
[PlyCount "71"]
[WhiteFideId "34674373"]
[BlackFideId "34669477"]
[EventCountry "GER"]
[EventRounds "7"]
[EventType "team-swiss"]
[EventDate "2023.12.26"]

1. e4 {[%clk 01:30:57]} {[%emt 00:00:04]} e5 {[%clk 01:30:55]} {[%emt
00:00:05]} 2. Nf3 {[%clk 01:31:18]} {[%emt 00:00:08]} Nc6 {[%clk 01:31:18]}
{[%emt 00:00:08]} 3. Nc3 {[%clk 01:31:36]} {[%emt 00:00:12]} Nf6 {[%clk
01:31:31]} {[%emt 00:00:18]} 4. d4 {[%clk 01:31:28]} {[%emt 00:00:37]} exd4
{[%clk 01:30:44]} {[%emt 00:01:17]} 5. Nxd4 {[%clk 01:31:49]} {[%emt 00:00:09]}
Nxd4 {[%clk 01:30:48]} {[%emt 00:00:26]} 6. Qxd4 {[%clk 01:32:07]} {[%emt
00:00:12]} d6 {[%clk 01:29:09]} {[%emt 00:02:11]} 7. Bg5 {[%clk 01:30:31]}
{[%emt 00:02:05]} Be7 {[%clk 01:27:12]} {[%emt 00:02:26]} 8. h3 {[%clk
01:29:53]} {[%emt 00:01:08]} O-O {[%clk 01:26:08]} {[%emt 00:01:34]} 9. O-O-O
{[%clk 01:28:29]} {[%emt 00:01:53]} c5 {[%clk 01:24:49]} {[%emt 00:01:51]} 10.
Qe3 {[%clk 01:27:16]} {[%emt 00:01:41]} Nd7 {[%clk 01:17:40]} {[%emt 00:07:41]}
11. Bxe7 {[%clk 01:25:20]} {[%emt 00:02:25]} Qxe7 {[%clk 01:17:57]} {[%emt
00:00:13]} 12. Qg3 {[%clk 01:24:00]} {[%emt 00:01:49]} Ne5 {[%clk 01:16:30]}
{[%emt 00:01:59]} 13. Nd5 {[%clk 01:15:48]} {[%emt 00:08:41]} Qd8 {[%clk
01:12:46]} {[%emt 00:04:15]} 14. b3 {[%clk 01:13:52]} {[%emt 00:02:25]} Re8
{[%clk 01:11:48]} {[%emt 00:01:27]} 15. Bc4 {[%clk 01:13:16]} {[%emt 00:01:06]}
Nxc4 {[%clk 01:11:45]} {[%emt 00:00:34]} 16. bxc4 {[%clk 01:12:35]} {[%emt
00:01:10]} Rxe4 {[%clk 01:11:01]} {[%emt 00:01:15]} 17. Rhe1 {[%clk 01:08:29]}
{[%emt 00:04:36]} Rxe1 {[%clk 01:10:58]} {[%emt 00:00:33]} 18. Rxe1 {[%clk
01:08:50]} {[%emt 00:00:09]} Be6 {[%clk 01:10:31]} {[%emt 00:00:57]} 19. Re3
{[%clk 01:06:38]} {[%emt 00:02:40]} g6 {[%clk 01:07:59]} {[%emt 00:03:02]} 20.
Rf3 {[%clk 01:04:27]} {[%emt 00:02:42]} Qd7 {[%clk 01:07:07]} {[%emt 00:01:23]}
21. Nf6+ {[%clk 01:04:30]} {[%emt 00:00:25]} Kg7 {[%clk 01:05:55]} {[%emt
00:01:43]} 22. Nxd7 {[%clk 01:04:48]} {[%emt 00:00:13]} Bxd7 {[%clk 01:06:07]}
{[%emt 00:00:17]} 23. Qxd6 {[%clk 01:04:48]} {[%emt 00:00:30]} Bc6 {[%clk
01:05:48]} {[%emt 00:00:49]} 24. Re3 {[%clk 01:04:05]} {[%emt 00:01:13]} Bxg2
{[%clk 01:05:36]} {[%emt 00:00:44]} 25. Qxc5 {[%clk 01:02:15]} {[%emt
00:02:18]} b6 {[%clk 01:05:08]} {[%emt 00:00:58]} 26. Qc7 {[%clk 01:02:19]}
{[%emt 00:00:25]} h5 {[%clk 01:04:23]} {[%emt 00:01:17]} 27. Qg3 {[%clk
01:01:28]} {[%emt 00:01:18]} Bf1 {[%clk 01:04:31]} {[%emt 00:00:24]} 28. Qf4
{[%clk 01:01:07]} {[%emt 00:00:51]} Rc8 {[%clk 01:04:28]} {[%emt 00:00:33]} 29.
Rf3 {[%emt 00:01:32]} f5 {[%clk 01:04:24]} {[%emt 00:00:01]} 30. Qe5+ {[%clk
00:59:16]} {[%emt 00:01:50]} Kf7 {[%clk 01:04:12]} {[%emt 00:00:44]} 31. Re3
{[%clk 00:58:42]} {[%emt 00:01:05]} Bxc4 {[%clk 01:01:12]} {[%emt 00:03:29]}
32. Qe7+ {[%clk 00:57:46]} {[%emt 00:01:24]} Kg8 {[%clk 01:01:13]} {[%emt
00:00:31]} 33. Rg3 {[%clk 00:57:11]} {[%emt 00:01:04]} Bf7 {[%clk 01:00:27]}
{[%emt 00:01:19]} 34. Rd3 {[%clk 00:55:30]} {[%emt 00:02:07]} a5 {[%clk
00:57:50]} {[%emt 00:03:10]} 35. Rd8+ {[%clk 00:55:43]} {[%emt 00:00:15]} Rxd8
{[%clk 00:58:01]} {[%emt 00:00:20]} 36. Qxd8+ {[%clk 00:56:03]} {[%emt
00:00:12]} 1-0